| 000 | 00508nam a2200145Ia 4500 | ||
|---|---|---|---|
| 008 | 170221s9999 xx 000 0 und d | ||
| 100 | _aNatalya Stepanovna Martyshenko | ||
| 245 | _aEvent: Strategies of Tourism Development in Primorsky Krai (Russia) | ||
| 245 | _cNatalya Stepanovna Martyshenko, Angelina Georgievna Kim | ||
| 260 | _bInternational Review of Management and Marketing | ||
| 260 | _c2017 | ||
| 300 | _a7 : 1 | ||
| 650 | _xMarketing. | ||
| 856 | _uhttp://www.econjournals.com/index.php/irmm | ||
| 999 |
_c308016 _d308016 |
||